000 00642cam a2200229 a 4500
001 1180147
005 20180206051119.0
008 970512s1997 nyu 001 0 eng
010 _a 97014975
020 _a156706485X
040 _aDLC
_cDLC
_dDLC
041 _aeng
043 _an-us---
080 _a347.735 MUL
082 0 0 _a347.735 MUL
_221
100 1 _a14
101 _aJUR
245 1 0 _aCivil procedure /
_cLinda S. Mullenix.
906 _a7
_bcbc
_corignew
_d1
_eocip
_f19
_gy-gencatlg
942 _2ddc
_cBK
999 _c41915
_d41915